LEADER 01248nam a2200277 i 4500 001 000000131445 003 CaOOAMICUS 005 20250603120142.0 008 041118s1967 it u000 u ita u 040 $aSeMil$bita 100 1 $aO'Neill, Eugene,$d<1888-1953>.$0(OLS)http://semarc/name/18256 245 00$aEugene O'Neill :$bpremio Nobel per la letteratura 1936. 246 08$aDrammi 264 1$aMilano :$bFratelli Fabbri Editori,$c1967. 300 $a437 p. ;$c23 cm. 490 1 $aI premi Nobel per la letteratura ;$v36. 500 $aContiene i drammi: Pił grandiose dimore ; Hughie ; Sete ; Nebbia ; Franco tiratore ; Domani 600 14$aO'Neill, Eugene <1888-1953>.$0(OLS)http://semarc/subject/27198 830 2$aI premi Nobel per la letteratura ;$v36.$0(OLS)http://semarc/title/407024 850 $aSeMil 852 $aSeMil$W1$xVenegono$y1$m1W V 328$j257702$B85423$CSeMilBibl$Z2$F89216 $81 961 $aRecupero: Seminario di Seveso 996 $6245$aEugene O'Neill :$bpremio Nobel per la letteratura 1936$9(OLS)http://semarc/title/454091 996 $6246$aDrammi$9(OLS)http://semarc/title/454057 996 $6264$aMilano :$bFratelli Fabbri Editori$9(OLS)http://semarc/publisher/29845 LEADER 01214nam a2200277 4500 001 000000353676 003 CaOOAMICUS 005 20230616095151.0 008 230508s1988 xxk 000 u eng r 020 $a0-7073-0487-3 040 $aSeMil$bita 100 1 $aCarvin, Walter P.$0(OLS)http://semarc/name/117537 245 10$aCreation and scientific explanation /$cW. P. Carvin. 264 1$aEdinburgh :$bScottish Academic Press,$c1988. 300 $aIX, 106 p. ;$c23 cm 490 1 $aTheology and science at the frontiers of knowledge ;$v10 650 4$aScienza e religione.$0(OLS)http://semarc/subject/40428 650 4$aCosmologia.$0(OLS)http://semarc/subject/1855 830 0$aTheology and science at the frontiers of knowledge ;$v10.$0(OLS)http://semarc/title/443720 850 $aSeMil 852 $aSeMil$W1$xVenegono$y1$m2P V 65$j241533$B244893$CSeMilBibl$Z2$F244893 $81 961 $aPolezzo Stefanin - Lascito 996 $6020$a0-7073-0487-3$9(OLS)http://semarc/number/298086 996 $6245$aCreation and scientific explanation$9(OLS)http://semarc/title/443783 996 $6264$aEdinburgh :$bScottish Academic Press$9(OLS)http://semarc/publisher/60956